El Plan económico de la Administración Clinton: consecuencias para América Latina y el Caribe
Guardado en:
| Institution som forfatter: | |
|---|---|
| Format: | Texto |
| Udgivet: |
Caracas:
SELA
|
| Tags: |
Tilføj Tag
Ingen Tags, Vær først til at tagge denne postø!
|
MARC
| LEADER | 00000 a a2200000 04500 | ||
|---|---|---|---|
| 001 | 22841 | ||
| 003 | |||
| 040 | |||
| 090 | |a 157300 | ||
| 110 | |a SELA | ||
| 245 | |a El Plan económico de la Administración Clinton: consecuencias para América Latina y el Caribe | ||
| 260 | |a Caracas: |b SELA | ||
| 300 | |a 21 p. |b **no definido** | ||
| 999 | |c 13280 |d 13280 | ||
